000 00352nam a2200145Ia 4500
999 _c9801
_d9801
003 OSt
005 20220303122453.0
008 220303b ||||| |||| 00| 0 eng d
020 _a9789386479785
082 _a624.18341
_bDAY
100 _aDayaratnam and sarah P
245 0 _aDesign of reinforced concrete structures
260 _bMedtech
942 _2ddc